000 00451nam a2200157 4500
001 122897
003 ES-MaACL
007 t|
008 070214s1974 sp r ||||0| spa d
100 1 _aPulido San Román, Antonio.
_994380
245 1 0 _aTratamiento econométrico de la inversión /
_cAntonio Pulido San Román.
250 _a1ª. ed.
260 _aMadrid :
_bAguilar,
_c1974.
300 _a219 p ;
_c22 cm.
852 _aES-MaACL
_jE-7035
_bR.91289
999 _c122897
_d122897